The influence of managers (Record no. 72545)
[ view plain ]
| 000 -LEADER | |
|---|---|
| fixed length control field | 01092cam a2200217 4500 |
| 001 - CONTROL NUMBER | |
| control field | ABS66607 |
| 008 - FIXED-LENGTH DATA ELEMENTS--GENERAL INFORMATION | |
| fixed length control field | 030428n2003 000 0 eng u |
| 035 ## - SYSTEM CONTROL NUMBER | |
| System control number | (Sirsi) u122089 |
| 100 ## - MAIN ENTRY--PERSONAL NAME | |
| Personal name | Fidderman, H. |
| 245 #4 - TITLE STATEMENT | |
| Title | The influence of managers |
| 260 ## - PUBLICATION, DISTRIBUTION, ETC. | |
| Date of publication, distribution, etc. | 2003 |
| 490 ## - SERIES STATEMENT | |
| Series statement | Health and Safety Bulletin |
| Volume/sequential designation | (317) April 2003, 14-18(5) |
| 520 ## - SUMMARY, ETC. | |
| Summary, etc. | Looks at research into how different levels of management can affect health and safety. Sectors examined include corporate governance, middle managers, supervisors and employers. Argues that management failings can add to technical and human failures in disasters and notes that government policy and regulations can help guard against this. Concludes that managers and supervisors should concentrate on motivating employees and facilitating their participation. |
| 590 ## - LOCAL NOTE (RLIN) | |
| Local note | ABS |
| 650 ## - SUBJECT ADDED ENTRY--TOPICAL TERM | |
| Topical term or geographic name entry element | MANAGERS' RESPONSIBILITIES |
| 650 ## - SUBJECT ADDED ENTRY--TOPICAL TERM | |
| Topical term or geographic name entry element | SUPERVISORS' RESPONSIBILITIES |
| 650 ## - SUBJECT ADDED ENTRY--TOPICAL TERM | |
| Topical term or geographic name entry element | CORPORATE GOVERNANCE |
| 650 ## - SUBJECT ADDED ENTRY--TOPICAL TERM | |
| Topical term or geographic name entry element | MANAGEMENT-RICS PRESIDENT'S COMMISSION ON MAJOR DISASTER MANAGMENT |
| 690 ## - LOCAL SUBJECT ADDED ENTRY--TOPICAL TERM (OCLC, RLIN) | |
| Topical term or geographic name as entry element | Health and safety |
| 9 (RLIN) | 6244 |
| 942 ## - ADDED ENTRY ELEMENTS (KOHA) | |
| Suppress in OPAC | 0 |
| Withdrawn status | Lost status | Source of classification or shelving scheme | Damaged status | Not for loan | Home library | Current library | Shelving location | Date acquired | Total Checkouts | Full call number | Barcode | Date last seen | Copy number | Price effective from | Koha item type |
|---|---|---|---|---|---|---|---|---|---|---|---|---|---|---|---|
| Dewey Decimal Classification | London | London | Journal article | 28/04/2003 | ABS66607 | 122089-1001 | 06/08/2019 | 1 | 06/08/2019 | Journal article |